|
|
|
|
| LEADER |
00000cam a2200000 4500 |
| 001 |
vtls011905522 |
| 003 |
SK-MaSNL |
| 005 |
20260301102318.0 |
| 008 |
200507s2019 xo gr 010 f slo |
| 015 |
|
|
|a SNBA2020/01
|
| 020 |
|
|
|a 9788055171654
|q (viazané)
|
| 035 |
|
|
|a urn:nbn:sk:snk-am00dxik
|
| 035 |
|
|
|a urn:nbn:sk:snk-am3i8m1
|
| 035 |
|
|
|a E3FC1D69-1A80-4EC0-AFE6-387C77131D11
|
| 040 |
|
|
|a SNK
|b slo
|c SNK
|e rda
|
| 041 |
0 |
|
|a slo
|
| 044 |
|
|
|a xo
|c SK
|
| 072 |
|
7 |
|a 821.162.4-3
|x Slovenská próza
|2 konspekt
|
| 080 |
|
|
|a 343.9.02
|2 2011
|
| 080 |
|
|
|a 821.162.4-31
|2 2011
|
| 080 |
|
|
|a (0:82-312.4)
|2 2011
|
| 100 |
1 |
|
|a Karika, Jozef,
|d 1978-
|4 aut
|9 100728
|
| 245 |
1 |
0 |
|a Nepriateľ štátu
|c Jozef Karika
|
| 250 |
|
|
|a Druhé vydanie
|
| 264 |
|
1 |
|a Bratislava
|b Ikar
|c 2019
|
| 300 |
|
|
|a 188 strán
|c 21 cm
|
| 336 |
|
|
|a text
|b txt
|2 rdacontent
|
| 337 |
|
|
|a bez média
|b n
|2 rdamedia
|
| 338 |
|
|
|a zväzok
|b nc
|2 rdacarrier
|
| 500 |
|
|
|a Obsahuje biografické údaje o autorovi na záložke prebalu publikácie
|
| 650 |
0 |
7 |
|a mafia
|2 SNKPH
|9 2675
|
| 650 |
0 |
7 |
|a mafia
|2 SNKPHeng
|9 2675
|
| 655 |
|
7 |
|a slovenské romány
|2 SNKPH
|9 70324
|
| 655 |
|
7 |
|a detektívne romány
|2 SNKPH
|9 70455
|
| 655 |
|
7 |
|a Slovak fiction
|2 SNKPHeng
|9 277096
|
| 655 |
|
7 |
|a Detective novels
|2 SNKPHeng
|9 121444
|
| 700 |
1 |
|
|i Voľné pokračovanie:
|a Karika, Jozef,
|d 1978-
|t V tieni mafie
|9 437896
|
| 700 |
1 |
|
|i Voľné pokračovanie:
|a Karika, Jozef,
|d 1978-
|t Čas dravcov
|9 437897
|
| 919 |
|
|
|a 978-80-551-7165-4
|
| 958 |
|
|
|a LX
|
| 999 |
|
|
|c 691839
|d 693769
|
| 952 |
|
|
|a SNK
|b SNK
|y PREZ
|7 0
|p 17A1413415
|o snkSC 187394
|i snk2020/532
|8 0
|0 0
|1 0
|4 0
|d 2020-01-13
|f 1
|l 0
|r 2026-02-23 20:30:11
|w 2026-02-23
|
| 952 |
|
|
|a SNK
|b SNK
|y PREZ
|7 0
|p 17A1413416
|o snkSC 187394 D1
|i snk2020/533
|8 0
|0 0
|1 0
|4 0
|d 2020-01-13
|l 0
|r 2026-02-23 20:30:11
|w 2026-02-23
|